Library Logo

Pioneer International University Library Catalogue

Development reconsidered; bridging the gap between government and people (Record no. 3685)

MARC details
000 -LEADER
fixed length control field 00527nam a2200169 4500
005 - DATE AND TIME OF LATEST TRANSACTION
control field 20250901165423.0
008 - FIXED-LENGTH DATA ELEMENTS--GENERAL INFORMATION
fixed length control field 720605s1972 maua bs 001 0 eng
010 ## - LIBRARY OF CONGRESS CONTROL NUMBER
LC control number 79184297
020 ## - INTERNATIONAL STANDARD BOOK NUMBER
International Standard Book Number 0669817295
050 00 - LIBRARY OF CONGRESS CALL NUMBER
Classification number HD82 .O93 1972
Item number .O93
082 00 - DEWEY DECIMAL CLASSIFICATION NUMBER
Classification number 338.9
100 1# - MAIN ENTRY--PERSONAL NAME
Personal name Owens, Edgar.
245 10 - TITLE STATEMENT
Title Development reconsidered; bridging the gap between government and people
Statement of responsibility, etc. [by] Edgar Owens and Robert Shaw.
260 ## - PUBLICATION, DISTRIBUTION, ETC.
Place of publication, distribution, etc. Lexington, Mass.,
Name of publisher, distributor, etc. Lexington Books
Date of publication, distribution, etc. [1972]
300 ## - PHYSICAL DESCRIPTION
Extent xix, 190 p.
Other physical details illus.
Dimensions 24 cm.
942 ## - ADDED ENTRY ELEMENTS (KOHA)
Source of classification or shelving scheme Dewey Decimal Classification
Holdings
Withdrawn status Lost status Source of classification or shelving scheme Damaged status Not for loan Home library Current library Shelving location Date acquired Total checkouts Full call number Barcode Date last seen Price effective from Koha item type
    Library of Congress Classification     Main Library Main Library   03/26/2021   HD82 .O93 1972 PIU0003152 03/26/2021 03/26/2021 Books